000
00288nam a22001337a 4500
020
_a
978-184646-085-2
082
_a
823
_b
LAD/E
100
_a
LADY BIRD
245
_a
THE ELVES AND THE MAKER
260
_a
UK
_b
LADY, BIRD
300
_a
45
650
_a
ENGLISH SHORT STORY
_z
UK
942
_c
BK
999
_c
2137
_d
2137